Statistiche per Classifica Rigoristi Serie A All-Time

Clicka qui per fare il quiz!

Statistiche generali

  • Questo quiz è stato fatto 210 volte
  • Il punteggio medio è 8 su 10

Statistiche sulle risposte

Gol su rigoreNazioneStagioni in Seria A per squadraCalciatore% Corretto
71ItaliaRoma 1992-2017Francesco Totti
100%
50ItaliaJuventus 1993-2012Alessandro Del Piero
99%
68ItaliaFiorentina 1985-1990, Juventus 1990-1995, Milan 1995-1997, Bologna 1997-1998, Inter 1998-2000, Brescia 2000-2004Roberto Baggio
98%
46ItaliaJuventus 2008-2010, Genoa 2012-2013, Torino 2013-2014, Torino 2016, Lazio 2016-Ciro Immobile
96%
37ItaliaSassuolo 2012-Domenico Berardi
96%
32ItaliaTorino 1999-2000, Torino 2001-2002, Ascoli 2005-2006, Sampdoria 2006-2007, Udinese 2007-2009, Napoli 2009-2010, Juventus 2010-2014, Torino 2014-2016, Sampdoria 2016-Fabio Quagliarella
93%
33ItaliaEmpoli 2002-2004, Udinese 2004-2016Antonio Di Natale
92%
44ItaliaFoggia 1991-1992, Lazio 1992-1997, Sampdoria 1997-1998, Bologna 1998-2004Giuseppe Signori
53%
36Francia/UngheriaInter 1948-1954, Roma 1954-1956István Nyers
17%
45ItaliaAtalanta 1965-1968, Bologna 1968-1975, Napoli 1975-1979, Bologna 1979-1980, Atalanta 1982-1983Giuseppe Savoldi
16%

Distribuzione punteggi

Percentile per numero di risposta

Percentuale di utenti per punteggio

I tuoi punteggi nel tempo

Non hai fatto questo quiz